Countries that contain only different letters - Statistics

General Stats
  • This quiz has been taken 71 times
    62 since last reset
  • The average score is 43 of 54
Answer Stats
Country % Correct
China
91%
France
91%
Chad
89%
Chile
89%
Egypt
89%
Kenya
89%
Mali
89%
Denmark
86%
Ireland
86%
Italy
86%
Libya
86%
Mexico
86%
Oman
86%
Peru
86%
Brazil
84%
Iceland
84%
Israel
84%
Jordan
84%
Laos
84%
Niger
84%
Norway
84%
Cuba
82%
Germany
82%
Honduras
82%
Iran
82%
Iraq
82%
Spain
82%
Sudan
82%
Tonga
82%
Estonia
80%
Portugal
80%
Syria
80%
Turkey
80%
Vietnam
80%
Belgium
77%
Gabon
77%
Serbia
77%
Bhutan
75%
Poland
75%
Brunei
73%
Ecuador
73%
Guinea
73%
Hungary
73%
Uzbekistan
73%
Kuwait
70%
Cyprus
68%
Nepal
68%
Switzerland
68%
Belarus
66%
Singapore
66%
Suriname
66%
Ukraine
64%
Slovenia
59%
Maldives
52%
No matching quizzes found
Score Distribution
Percent of People with Each Score
Percentile by Number Answered
Your Score History
You have not taken this quiz since the last reset